Đoàn Thanh niên Cộng sản Hồ Chí Minh : Niên giám 2000 - 2002
Guardado en:
| Formato: | Libro |
|---|---|
| Lenguaje: | Undetermined |
| Publicado: |
H.
CTQG
2002
|
| Materias: | |
| Etiquetas: |
Agregar Etiqueta
Sin Etiquetas, Sea el primero en etiquetar este registro!
|
| Thư viện lưu trữ: | Trung tâm Học liệu Trường Đại học Cần Thơ |
|---|
| LEADER | 00457nam a2200169Ia 4500 | ||
|---|---|---|---|
| 001 | CTU_53651 | ||
| 008 | 210402s9999 xx 000 0 und d | ||
| 020 | |b 245000 | ||
| 082 | |a 321.02 | ||
| 082 | |b Đ406 | ||
| 245 | 0 | |a Đoàn Thanh niên Cộng sản Hồ Chí Minh : Niên giám 2000 - 2002 | |
| 260 | |a H. | ||
| 260 | |b CTQG | ||
| 260 | |c 2002 | ||
| 650 | |a youth | ||
| 650 | |z vietnam | ||
| 980 | |a Trung tâm Học liệu Trường Đại học Cần Thơ | ||